00984nam a2200205 a 450000100100000000500170001000800410002702000150006804000250008310000250010824501570013326000720029030000420036249000360040450000210044050001450046150400730060671000650067983000340074400004199420201002035855.0131029s1990 sp c 001 0 spa d a840007016X aDO-SdBNPbspacBNPHU1 aMarín Eced, Teresa13aLa Renovación Pedagógica en España, 1907-1936 :blos pensionados en pedagogía por la Junta para Ampliación de Estudios /cTeresa Marín Eced. aMadrid :bConsejo Superior de Investigaciones Científicas,c1990. aXXXIX, 408 p. :bil., retrs ;c23 cm.1 aEstudios sobre la ciencia ;v11 aIncluye índice aEditado con la ayuda de la Secretaría de Estado de Educación del MEC, dentro del programa de "Carlos III y la Ilustración (1789-1989)" aIncluye referencias bibliográficas y notas al pie de las páginas2 aConsejo Superior de Investigaciones Científicas (España) 0aEstudios sobre la cienciav11